Základná umelecká škola Fantázia - činorodá inšpirácia

Bibliographic Details
Main Author: Mojžišová, J (Author)
Format: Article
Language:Slovak
PhysicalDescription:Fotogr.
ISSN:1210-2423
Subjects:

MARC

LEADER 00000nab a2200000 ar4500
001 vtls010538729
003 SK-MaSNL
005 20260303231054.0
008 130827c2013 xo wr|p|||||||000 b|slo
038 |a PPPK 
040 |a PPPKCL  |b slo  |c PPPKCL  |e AACR2 
041 0 |a slo 
044 |a xo  |c SK 
080 |a 373/378:7  |2 2001 
100 1 |a Mojžišová, J  |4 aut  |9 194997 
245 1 0 |a Základná umelecká škola Fantázia - činorodá inšpirácia  |c J: MOJŽIŠOVÁ 
300 |b Fotogr. 
610 2 7 |a Súkromná základná umelecká škola Fantázia (Svit, Slovensko)  |2 pppkcl  |9 1265722 
650 0 7 |a umelecké školy  |2 pppkcl  |9 29319 
651 7 |a Svit (Slovensko)  |x školstvo  |2 pppkcl  |9 1040322 
651 7 |a Poprad (Slovensko : okres)  |2 pppkcl  |9 28675 
773 0 |t Podtatranské noviny  |g Roč. LIV, č. 24 (2013), s. 7  |x 1210-2423 
852 |a PPPK  |b KIS3GCP 
999 |c 2265055  |d 2266985